| 000 | 01215nam a2200313 a 4500 | ||
|---|---|---|---|
| 999 |
_c31189 _d31189 |
||
| 003 | OSt | ||
| 005 | 20250128205902.0 | ||
| 008 | 110308s2009 espa e 001 0 spa d | ||
| 020 | _a978-84-15840-78-7 | ||
| 040 | _cBMC | ||
| 082 | _a611.8 | ||
| 100 | 1 |
_919805 _aBarr, Murray L. _d1908-1995 |
|
| 245 | 1 | 3 |
_aEl sistema nervioso humano _b: una perspectiva anatómica _cBarr ; [editor], John A. Kiernan, Nagalingam Rajakumar ; [traducción Óscar Nabais Simón, Tomás Pérez Pazos, Marta Vigo Anglada] |
| 250 | _a10ª ed | ||
| 260 |
_aPhiladelphia [etc.] _bWolters Kluwer _c2014 |
||
| 300 |
_aVIII, 423 p. _bil. _c25 cm |
||
| 500 | _aÍndice alfabético de materias: p. 413-423 | ||
| 500 | _aGlosario de términos neuroanatómicos y afines: p. 399-412 | ||
| 504 | _aBibliografía al final de cada capítulo | ||
| 594 | _1Traducción de: Barr's the human nervous system, 9th ed. | ||
| 650 | 2 | 0 |
_aNeuroanatomía _919606 |
| 650 | 2 | 0 |
_919811 _aSistema nervioso |
| 700 | 1 |
_aKiernan, John Alan _919607 |
|
| 700 | 1 |
_aRajakumar, Nagalingam _944323 |
|
| 700 | 1 |
_aNabais Simón, Óscar _919609 |
|
| 700 | 1 |
_aVigo Anglada, Marta _919613 |
|
| 700 | 1 |
_919612 _aPérez Pazos, Tomás |
|
| 942 |
_2ddc _cBK _hprozim |
||